000 00201 a2200097 4500
001 12988
100 _aWilde,O.
245 _aPicture of Dorian Gray
260 _a
_bW.W.Norton
_c
090 _c9991
_d9991
942 _aNUST-CAE
_cM
_c36923
999 _c248061
_d248061